00840nam a22002297a 450000500170000001000150001702000260003203500140005803700130007208200140008510000220009924501290012125000060025026000360025627000630029230000220035550000200037770000360039794200250043399900190045895201330047720240229171619.0 aENG-139471 a9788170947967c995.00 aEN-123003 bDBAD/PUB a338.4921 aJoshi, R.N962650 aPublic Private Partnership in Infrastructure:cBy R.N Joshi and Forworded By E SreedharanbPerspective Principles Practices/ a1 aNew Delhi bVision Books c2010 a24 Feroze Gandhi Road, Lajpat Nagar 3,bNew Delhi e110024 a540p. c25cm(Hb)  aIncludes index  aSreedharan, E 92518eForworded 2ddccENh338.49mJOS c201170d201170 001040708NFICaPRbPRd2024-02-29eDBAD/PUBg995.00l0o338.49 JOSpEN-123003r2024-02-29 00:00:00t1v995.00w2024-02-29yEN